| 000 | 00457nam a22001577a 4500 | ||
|---|---|---|---|
| 005 | 20251108165454.0 | ||
| 008 | 250721s1983 xx 000 0 ara d | ||
| 082 | 1 | 4 | _aم/745.619956/كام |
| 100 | 1 | _aالبابا، كامل | |
| 245 | 1 | 0 | _aروح الخط العربي / |
| 264 | 1 |
_aبيروت : _bدار العلم للملايين، _c1983. |
|
| 300 | _a335ص : 320لوحه | ||
| 650 | 1 | 7 | _aالخط العربي |
| 942 |
_2ddc _cREF |
||
| 999 |
_c28739 _d28739 |
||